00533nam a2200145 a 4500001000400000003000500004005001700009008004100026040002000067100003500087245019100122260002000313650002600333650002800359245CDMR20131017100413.0130130s1973||||||||||||||||||||||||||||d aCDMRbcatcCDMR1 aBonet y Llovet, Luís María10aAnálisis de tres meses de prensa de una ciudad (Barcelona)b: sobre un tema urbanístico polémico : Plaza Lesseps, 14 de noviembre 1972-16 de febrero 1973cLuís Mª Bonet y Llovet aBarcelonac197304aAnàlisi del discurs04aPremsazBarcelonay1973